000 00323nam a2200109Ia 4500
008 220615s9999||||xx |||||||||||||| ||und||
245 4 _aThe Palgrave Handbook of Sexuality Education
546 _aEnglish[eng]
650 _aGender||education||sexuality education
700 _aAllen, Louisa||Rasmussen, Mary Lou
942 _cEB
999 _c11402
_d11402